000 00403pab a2200157 454500
008 180718b2011 xxu||||| |||| 00| 0 eng d
100 _aZiai, Aram
245 _aPostcolonialism and development: Disparate tales reconsidered (Review essay
260 _c2011
300 _ap.1297-1305.
362 _aSep
650 _aColonialism
773 _aDevelopment and Change
908 _aN
909 _a93600
999 _c93600
_d93600